Economic development
Αποθηκεύτηκε σε:
| Κύριος συγγραφέας: | |
|---|---|
| Μορφή: | Βιβλίο |
| Γλώσσα: | English |
| Δημοσίευση: |
New York :
Mcgraw-Hill,
c1965
|
| Έκδοση: | 2nd ed. |
| Σειρά: | Economics handbook series (McGraw-Hill Book Company)
|
| Θέματα: | |
| Ετικέτες: |
Προσθήκη ετικέτας
Δεν υπάρχουν, Καταχωρήστε ετικέτα πρώτοι!
|
MARC
| LEADER | 00000cam a2200000 i 4500 | ||
|---|---|---|---|
| 001 | 1/37554 | ||
| 008 | 061112s1965 eng d | ||
| 035 | |l 10086119 | ||
| 040 | |a GR-MY-UA |b gre |e aacr | ||
| 041 | 0 | |a eng | |
| 082 | 0 | |a 338.9 |2 (22) | |
| 100 | 1 | |a Kindleberger, Charles P., |d 1910-2003. | |
| 245 | 1 | 0 | |a Economic development / |c Charles P. Kindleberger |
| 250 | |a 2nd ed. | ||
| 260 | |a New York : |b Mcgraw-Hill, |c c1965 | ||
| 300 | |a xvii,425 σ.; |b διαγρ., σχ.; |c 21 εκ. | ||
| 490 | 1 | |a Economics handbook series (McGraw-Hill Book Company) | |
| 504 | |a Περιλαμβάνει ευρετήρια | ||
| 650 | 0 | 0 | |a Economic development. |
| 830 | 0 | |a Economics handbook series (McGraw-Hill Book Company) | |
| 852 | |a INST |b CHIOS |e 20061112 |h 338.9 KIN |p 005200026753 |q 005200026753 |t BK |y 0 | ||
| 901 | |a BIBL2-2006-3 | ||
| 970 | |a ΒΑΣΙΛΑΚΗ |b ΝΙΚΗ |z 2006/11/12 | ||